Музей наивного искусства (Запись № 10503598)

Подробности
000 -МАРКЕР
контрольное поле 02068nam0a2200421 4500
001 - ИДЕНТИФИКАТОР ЗАПИСИ
контрольное поле RU\NLR\BIBL_A\010880843
005 - ИДЕНТИФИКАТОР ВЕРСИИ
контрольное поле 20260406003524.0
010 ## - МЕЖДУНАРОДНЫЙ СТАНДАРТНЫЙ НОМЕР КНИГИ (ISBN)
Номер (ISBN) 978-5-7525-3023-4
Тираж 1000
035 ## - ДРУГИЕ СИСТЕМНЫЕ НОМЕРА
Идентификатор записи (NLR Aleph) 010880843
035 ## - ДРУГИЕ СИСТЕМНЫЕ НОМЕРА
Идентификатор записи (NILC)LIBNET\0000587787
100 ## - ДАННЫЕ ОБЩЕЙ ОБРАБОТКИ
Данные общей обработки 20151103d2015 k y0rusy50 ca
101 0# - ЯЗЫК РЕСУРСА
Язык текста, звукозаписи и т.д. русский
-- английский
102 ## - СТРАНА ПУБЛИКАЦИИ ИЛИ ПРОИЗВОДСТВА
Страна публикации российская федерация
105 ## - ПОЛЕ КОДИРОВАННЫХ ДАННЫХ: ТЕКСТОВЫЕ МАТЕРИАЛЫ, МОНОГРАФИЧЕСКИЕ
Кодированные данные о монографическом текстовом документе ac||z|||0|0zd
200 1# - ЗАГЛАВИЕ И СВЕДЕНИЯ ОБ ОТВЕТСТВЕННОСТИ
Основное заглавие Музей наивного искусства
Параллельное заглавие Museum of Naive Art
Сведения, относящиеся к заглавию собрание Евгения Ройзмана
-- [альбом
Первые сведения об ответственности вступительное слово: Евгений Ройзман]
Язык параллельного заглавия английский
210 ## - ПУБЛИКАЦИЯ, РАСПРОСТРАНЕНИЕ И ДР.
Место издания, распространения и т.д. Екатеринбург
Имя издателя, распространителя и т. д. Колумб
Дата издания, распространения и т.д. 2015
Имя издателя, распространителя и т. д. Галерея Арт-птица
215 ## - ФИЗИЧЕСКАЯ ХАРАКТЕРИСТИКА
Специфическое обозначение материала и объем 287 с.
Другие сведения о физической характеристике ил., цв. ил., портр.
Размеры 29
300 ## - ОБЩИЕ ПРИМЕЧАНИЯ
Текст примечания Подписи к ил. парал. рус., англ.
510 1# - ПАРАЛЛЕЛЬНОЕ ЗАГЛАВИЕ
Параллельное заглавие Museum of Naive Art
Язык заглавия английский
606 1# - НАИМЕНОВАНИЕ ТЕМЫ КАК ПРЕДМЕТ
Наименование темы Художественная коллекция Ройзмана Е.В.
Формальный подзаголовок Альбомы
Системный номер авторитетной/нормативной записи 2416977
Идентификатор авторитетной/нормативной записи RU\NLR\AUTH\661439660
606 1# - НАИМЕНОВАНИЕ ТЕМЫ КАК ПРЕДМЕТ
Наименование темы Примитивизм
Формальный подзаголовок Альбомы
Тематический подзаголовок в изобразительном искусстве русском советском
Системный номер авторитетной/нормативной записи 2304626
Идентификатор авторитетной/нормативной записи RU\NLR\AUTH\661379606
606 1# - НАИМЕНОВАНИЕ ТЕМЫ КАК ПРЕДМЕТ
Наименование темы Примитивизм
Формальный подзаголовок Альбомы
Тематический подзаголовок в изобразительном искусстве русском
Хронологический подзаголовок 20 - 21 вв.
Системный номер авторитетной/нормативной записи 2576870
Идентификатор авторитетной/нормативной записи RU\NLR\AUTH\661523555
686 ## - ИНДЕКСЫ ДРУГИХ КЛАССИФИКАЦИЙ
Индекс 85.103(235.55)
Издание LBC/M
Код системы
686 1# - ИНДЕКСЫ ДРУГИХ КЛАССИФИКАЦИЙ
Индекс Щ103(2Р=Рус)75-239
686 1# - ИНДЕКСЫ ДРУГИХ КЛАССИФИКАЦИЙ
Индекс Щ103(2Р=Рус)7-239
686 1# - ИНДЕКСЫ ДРУГИХ КЛАССИФИКАЦИЙ
Индекс Щ101.3(2Р)-4Ройзман
702 #1 - ИМЯ ЛИЦА - ВТОРИЧНАЯ ОТВЕТСТВЕННОСТЬ
Код отношения Прочие
Материалы, к которым относится поле rus
Графика поля Кириллица
Начальный элемент ввода Ройзман
Часть имени, кроме начального элемента ввода Е. В.
Даты 1962-
Расширение инициалов личного имени Евгений Вадимович
Идентификатор авторитетной/нормативной записи RU\NLR\AUTH\77113042
Системный номер авторитетной/нормативной записи 95967
801 #0 - ИСТОЧНИК ЗАПИСИ
Страна российская федерация
Организация Свердловская ОУНБ
Дата составления 20150930
Правила каталогизации rcr
942 ## - ДОПОЛНИТЕЛЬНЫЕ ЭЛЕМЕНТЫ ЗАПИСИ (АБИС)
Тип экземпляра АБИС Книга
980 ## - КОЛЛЕКЦИЯ
Название коллекции НБР
980 ## - КОЛЛЕКЦИЯ
Название коллекции Иноагенты
980 ## - КОЛЛЕКЦИЯ
Название коллекции Национальная библиография
996 ## - Примечание о цензурировании
Иноагент/Метка
Код типа метки иноагент-персона
ФИО / наименование полностью (как указано в Росреестре) Ройзман Евгений Вадимович

Нет доступных экземпляров.